• 首页
  • 本馆介绍
  • 公告通知
  • 最新文献
  • 馆藏检索
  • 电子资源
  • 读者导购
  • 参考咨询
  • 我的图书馆
  • 登录
  • 详细信息显示
  • 放入我的书架
  • 预约/预借图书
  • 作者相关作品
  • 分类相关作品
  • 丛书相关作品
  • 出版社相关作品

书目信息

  • 表格格式
  • 工作单格式
  • 卡片格式
题名:
分形 小波与图像压缩
    
 
作者: 曾文曲 , 文有为 , 孙炜 编著
分册:  
出版信息: 沈阳   东北大学出版社  2002
页数: 193页
开本: 21cm
丛书名:
单 册:
中图分类: TN919.8
科图分类:
主题词: 数据通信 , 图象通信
电子资源:
ISBN: 7-81054-809-3
000 00921nam0 2200265 450
001 100000000361
005 20050920142848.34
010    @a7-81054-809-3@dCNY15.00
100    @a20040519d2002 ekmy0chiy0120 ea
101 0  @achi
102    @aCN@b210000
105    @aa az 000yy
200 1  @a分形 小波与图像压缩@9fen xing xiao bo yu tu xiang ya suo@f曾文曲,文有为,孙炜编著@Fceng wen qu,wen you wei,sun wei bian zhu
210    @a沈阳@c东北大学出版社@d2002
215    @a193页@c图@d21cm
320    @a有书目
330    @a本书介绍了信息与熵、Huffman编码、LWZ编码、算术编码以及DCT变换等系统图像压缩的基本方法,在分形图像压缩方面介绍了分形基础、选代函数系统、拼贴定理等。
606 0  @a数据通信
606 0  @a图象通信
690    @aTN919.8@v4
701  0 @a曾文曲@Aceng wen qu@4编著
701  0 @a文有为@Awen you wei@4编著
701  0 @a孙炜@Asun wei@4编著
801  0 @aCN@bTSSF@c20050920
905    @a10447@dTN919.8@e48
    
    分形 小波与图像压缩/曾文曲,文有为,孙炜编著.-沈阳:东北大学出版社,2002
    193页:图;21cm
    
    
    ISBN 7-81054-809-3:CNY15.00
    本书介绍了信息与熵、Huffman编码、LWZ编码、算术编码以及DCT变换等系统图像压缩的基本方法,在分形图像压缩方面介绍了分形基础、选代函数系统、拼贴定理等。
●
相关链接 在E读中查询图书 在五车中查询图书 在当当中查询图书 在豆瓣中查询图书


正题名:分形 小波与图像压缩     索取号:TN919.8/48         预约/预借

序号 登录号 条形码 馆藏地/架位号 状态 备注
1 0362354   3623546   第二样本阅览室/ [索取号:TN919.8/48] 在馆    
2 0362355   3623555   第三借阅区/ [索取号:TN919.8/48] 在馆    
3 0362356   3623564   第三借阅区/ [索取号:TN919.8/48] 在馆    
唐山师范学院图书馆 欢迎您!
大连网信软件有限公司© 版权所有